000 00320nam a2200133 i 4500
001 bg
245 0 _aEfektywność technologii kształcenia :
_bwybrane problemy.
260 _aWarszawa,
_c1983.
040 _cBPK
041 _apol
080 _a378.14:371.3
942 _cKS
008 s pl f |000 0 pol
999 _c21839
_d21839
856 _uhttp://koha.tu.koszalin.pl/cgi-bin/koha/opac-detail.pl?biblionumber=21839
_yKatalog online BPK